000 01225nac a22002291u 4500
008 091019t xxu||||| |||| 00| 0 eng d
010 _a 97008928
020 _a0070524351 (acid-free paper)
082 0 0 _a620.003
_bDIC REF
245 0 0 _aMcGraw-Hill Dictionary of Engineering /
_cSybil P. Parker, Editor in chief.
246 3 0 _aDictionary of engineering
260 _aNew York :
_bMcGraw-Hill,
_cc1997.
300 _axiii, 582 p. ;
_c22 cm.
500 _a"All text in this dictionary was published previously in the McGraw-Hill dictionary of scientific and technical terms, fifth edition, copyright c1994"--T.p. verso.
650 0 _aEngineering
_xDictionaries.
_98978
700 1 _aParker, Sybil P.
_98979
856 4 2 _3Publisher description
_uhttp://www.loc.gov/catdir/description/mh022/97008928.html
856 4 2 _3Table of contents only
_uhttp://www.loc.gov/catdir/toc/mh022/97008928.html
856 4 2 _3Contributor biographical information
_uhttp://www.loc.gov/catdir/enhancements/fy0602/97008928-b.html
942 _cREFERENCE
_k620.003 DIC REF
_2ddc
999 _c5316
_d5316